Where's the green? (Record no. 71970)

MARC details
000 -LEADER
fixed length control field 01186cam a2200217 4500
001 - CONTROL NUMBER
control field ABS66337
008 - FIXED-LENGTH DATA ELEMENTS--GENERAL INFORMATION
fixed length control field 030124n2003 000 0 eng u
035 ## - SYSTEM CONTROL NUMBER
System control number (Sirsi) u121115
100 ## - MAIN ENTRY--PERSONAL NAME
Personal name Fletcher, J.
245 ## - TITLE STATEMENT
Title Where's the green?
260 ## - PUBLICATION, DISTRIBUTION, ETC.
Date of publication, distribution, etc. 2003
490 ## - SERIES STATEMENT
Series statement Estates Gazette
Volume/sequential designation (0303) 18 January 2003, 112-113(2)
520 ## - SUMMARY, ETC.
Summary, etc. Argues that urban sustainability indicators are the way forward to achieve sustainability in the built environment. Highlights the RICS Foundation report "Red man, green man" which found that built environment practioners have not embraced the concept of urban sustainability indicators, and discusses in detail a follow up report "Painting the town green". The latter report compares indicator projects in the US, with case studies on the Sustainable Seattle project and the Austin Sustainability Indicators Programme, and concludes with recommendations to help built environment professionals develop indicator programmes.
590 ## - LOCAL NOTE (RLIN)
Local note ABS
650 ## - SUBJECT ADDED ENTRY--TOPICAL TERM
Topical term or geographic name entry element URBAN SUSTAINABILTY INDICATORS
650 ## - SUBJECT ADDED ENTRY--TOPICAL TERM
Topical term or geographic name entry element SUSTAINABLE DEVELOPMENT
650 ## - SUBJECT ADDED ENTRY--TOPICAL TERM
Topical term or geographic name entry element BUILT ENVIRONMENT
650 ## - SUBJECT ADDED ENTRY--TOPICAL TERM
Topical term or geographic name entry element UNITED STATES
690 ## - LOCAL SUBJECT ADDED ENTRY--TOPICAL TERM (OCLC, RLIN)
Topical term or geographic name as entry element DEVELOPMENT-SUSTAINABLE
942 ## - ADDED ENTRY ELEMENTS (KOHA)
Suppress in OPAC 0
Holdings
Withdrawn status Lost status Source of classification or shelving scheme Damaged status Not for loan Home library Current library Shelving location Date acquired Total Checkouts Full call number Barcode Date last seen Copy number Price effective from Koha item type
    Dewey Decimal Classification     London London Journal article 24/01/2003   ABS66337 121115-1001 06/08/2019 1 06/08/2019 Journal article